The micro origins of international business-cycle comovement (Record no. 116924)

000 -LEADER
fixed length control field 00456pab a2200169 454500
008 - FIXED-LENGTH DATA ELEMENTS--GENERAL INFORMATION
fixed length control field 180718b2018 xxu||||| |||| 00| 0 eng d
100 ## - MAIN ENTRY--PERSONAL NAME
Personal name Giovanni, Julian di
245 ## - TITLE STATEMENT
Title The micro origins of international business-cycle comovement
260 ## - PUBLICATION, DISTRIBUTION, ETC.
Date of publication, distribution, etc. 2018
300 ## - PHYSICAL DESCRIPTION
Extent p.82-108.
362 ## - DATES OF PUBLICATION AND/OR SEQUENTIAL DESIGNATION
Dates of publication and/or sequential designation Jan
650 ## - SUBJECT ADDED ENTRY--TOPICAL TERM
Topical term or geographic name entry element Foreign commerce
700 ## - ADDED ENTRY--PERSONAL NAME
Personal name Mejean, Isabelle
700 ## - ADDED ENTRY--PERSONAL NAME
Personal name Levchenko, Andrei A.
773 ## - HOST ITEM ENTRY
Main entry heading American Economic Review
909 ## -
-- 116930
Holdings
Withdrawn status Lost status Damaged status Not for loan Permanent Location Current Location Date acquired Serial Enumeration / chronology Barcode Date last seen Price effective from Koha item type
        Indian Institute of Public Administration Indian Institute of Public Administration 2018-07-19 Volume no: 108, Issue no: 1 AR117390 2018-07-19 2018-07-19 Articles

Powered by Koha